000 01276nam a2200325Ia 4500
001 ebr10062997
003 CaPaEBR
006 m u
007 cr cn|||||||||
008 940225s1994 enk sb 001 0 eng d
010 _z 94008622
020 _z0203415655
020 _z0415069726 :
040 _aCaPaEBR
_cCaPaEBR
035 _a(OCoLC)646720098
050 1 4 _aJN1129.L33
_bE38 1994eb
082 0 4 _a324.24107
_220
100 1 _aEllison, Nicholas,
_d1952-
245 1 0 _aEgalitarian thought and labour politics
_h[electronic resource] :
_bretreating visions /
_cNicholas Ellison.
260 _aLondon ;
_aNew York :
_bRoutledge LSE,
_c1994.
300 _axiv, 314 p.
504 _aIncludes bibliographical references (p. [285]-300) and index.
533 _aElectronic reproduction.
_bPalo Alto, Calif. :
_cebrary,
_d2009.
_nAvailable via World Wide Web.
_nAccess may be limited to ebrary affiliated libraries.
610 2 0 _aLabour Party (Great Britain)
650 0 _aEquality
_zGreat Britain.
655 7 _aElectronic books.
_2local
710 2 _aebrary, Inc.
740 0 2 _aEgalitarian thought and labor politics.
856 4 0 _uhttp://site.ebrary.com/lib/rucke/Doc?id=10062997
_zAn electronic book accessible through the World Wide Web; click to view
999 _c157908
_d157908